000 00455cam a2200193ua 4500
001 2009
005 20260515113431.0
008 110811n ii |||gr||||Z||||||asm
040 _cMAIN
082 _a370
100 _aBora, Debendra,
245 1 _aShikha aru chinta
_cby Debendra Bora
250 _a1st.
260 _aMariani:
_bSudha Borah,
_c2001.
300 _a85p:
_bill;
_c23cm.
653 _aEducation
653 _aShikha aru chinta
942 _cBK
999 _c1880
_d1880